[Event "Moscow op-B"]
[Site "Moscow"]
[Date "2009.11.20"]
[Round "1"]
[White "Gavrilenko, Viktor"]
[Black "Chirva, Leonid"]
[Result "0-1"]
[WhiteElo "1969"]
[BlackElo "2245"]
[PlyCount "44"]
[EventDate "2009.01.31"]
[EventType "swiss"]
[EventRounds "9"]
[EventCountry "RUS"]
[SourceTitle "EXT 2012"]
[Source "ChessBase"]
[SourceDate "2011.11.24"]
[SourceVersion "1"]
[SourceVersionDate "2011.11.24"]
[SourceQuality "1"]

1. d4 Nf6 2. Nf3 g6 3. c4 Bg7 4. Nc3 0-0 5. e4 d6 6. Bg5 h6 7. Bc1 e5 8. d5 Nbd7 9. Be2 Nc5 10. Nd2 a5 11. 0-0 Bd7 12. f3 Nh5 13. Nb3 Nxb3 14. Qxb3 b6 15. Be3 Nf4 16. Bxf4 exf4 17. Rac1 Bd4+ 18. Kh1 Be3 19. Rc2 Qh4 20. Nd1 Bc5 21. a3 Rfe8 22. Qd3 Re5 0-1

[Event "Moscow op-B"]
[Site "Moscow"]
[Date "2009.02.04"]
[Round "5"]
[White "Zavialov, Vladimir"]
[Black "Chirva, Leonid"]
[Result "1-0"]
[WhiteElo "2157"]
[BlackElo "2245"]
[PlyCount "129"]
[EventDate "2009.01.31"]
[EventType "swiss"]
[EventRounds "9"]
[EventCountry "RUS"]
[SourceTitle "EXT 2012"]
[Source "ChessBase"]
[SourceDate "2011.11.24"]
[SourceVersion "1"]
[SourceVersionDate "2011.11.24"]
[SourceQuality "1"]

1. d4 Nf6 2. Nf3 g6 3. Bf4 Bg7 4. e3 d6 5. h3 0-0 6. Bc4 c6 7. 0-0 b5 8. Bb3 Nbd7 9. Nbd2 Nb6 10. c3 Bf5 11. Bc2 Bxc2 12. Qxc2 a5 13. e4 Nfd7 14. e5 d5 15. Bg5 f6 16. exf6 exf6 17. Bf4 Re8 18. Rfe1 Nf8 19. Rxe8 Qxe8 20. Re1 Qd7 21. Nb3 Ne6 22. Bg3 Bf8 23. Qe2 Kf7 24. Nc1 Re8 25. Qc2 Bd6 26. Bxd6 Qxd6 27. Nd3 Nd7 28. Qc1 g5 29. Qc2 Ndf8 30. Qd2 Ng6 31. Nh2 Ngf4 32. Ng4 h5 33. Ne3 Ng7 34. Nc5 a4 35. b3 axb3 36. axb3 Ra8 37. Qc2 Re8 38. Ra1 Qc7 39. Nf5 Nxf5 40. Qxf5 Ng6 41. g3 h4 42. Qf3 hxg3 43. fxg3 Qe7 44. Rf1 Qe3+ 45. Kg2 Qxf3+ 46. Kxf3 Ra8 47. Kg4 Ra7 48. h4 gxh4 49. gxh4 Ne7 50. h5 Ra8 51. Nd7 f5+ 52. Kf4 Rg8 53. Ne5+ Kf6 54. Rh1 Rh8 55. Rh2 Rh6 56. Nd7+ Kg7 57. Rg2+ Kf7 58. Kg5 Re6 59. Ne5+ Kg7 60. Rh2 Rh6 61. Rh1 Re6 62. Ra1 Kh7 63. Ra7 Kg8 64. Ra8+ Kg7 65. Ra7 1-0